Guanacaste: fraccionamiento del latifundio y capitalismo (Avance de Investigación)

Salvato in:
Dettagli Bibliografici
Ente Autore: Universidad Nacional. Facultad de Ciencias de la Tierra y el Mar. Escuela de Ciencias Agrarias
Natura: testo
Pubblicazione: Heredia: UNA
Tags: Aggiungi Tag
Nessun Tag, puoi essere il primo ad aggiungerne!!

MARC

LEADER 00000 a a2200000 04500
001 22603
003
040
090 |a 154300  
110 |a Universidad Nacional. Facultad de Ciencias de la Tierra y el Mar. Escuela de Ciencias Agrarias  
245 |a Guanacaste: fraccionamiento del latifundio y capitalismo (Avance de Investigación)  
260 |a Heredia:   |b UNA  
300 |a 32 p   |b **no definido**  
999 |c 2431  |d 2431